| 000 | 00616nam a2200181 i 4500 | ||
|---|---|---|---|
| 001 | 24124 | ||
| 003 | ES-MaACL | ||
| 005 | 20250809020452.0 | ||
| 007 | t| | ||
| 008 | 021216s1933 sp ||||1| spa d | ||
| 110 | 1 |
_aEspaña. _bMinisterio de Justicia. _bComisión Jurídica Asesora. _9164247 |
|
| 245 | 1 | 0 |
_aAnteproyectos de ley e informes / _cpresentados al Gobierno por la Comisión Jurídica Asesora. |
| 260 |
_aMadrid : _b[s.n.], _c1933 ( _fImp. Suc. de Rivadeneyra) |
||
| 300 |
_a221 p. ; _c24 cm. |
||
| 650 | 7 |
_aDerecho- _zEspaña _2 _9141531 |
|
| 852 |
_aES-MaACL _jA-1428 |
||
| 999 |
_c24124 _d24124 |
||